000 00392 a2200169 4500
001 71361
020 _a851600709X
040 _cAnchieta - Colégio São Paulo
100 _aRibeiro, Laís Carr
240 1 0 _aPapai Noel esteve aqui
_lpor
245 1 0 _aPapai Noel esteve aqui
300 _a29
362 0 _a1992
440 1 _aModerna
650 4 _aLiteratura infanto-juvenil
942 _cBK
999 _c71361
_d71361